000 01078nam a2200313Ia 4500
003 GCL
008 140319s9999 xx 000 0 ara d
020 _a0053270977
040 _aGCL /
_cGCL
082 0 4 _aق
_b953.08
_bس ت
100 1 _aمحمد فتحى عبدالهادى
245 1 0 _aتاريخ المكتبات فى مصر :
_bالعصر المملوكى /
_cمحمد فتحى عبدالهادى
700 1 _aالسيد السيد النشار
700 1 _aجوزيف نسيم يوسف
250 _aالاولى
260 _aالقاهرة :
_bالدار المصرية اللبنانية ،
_c1993
300 _a335 ص ؛
_c24 سم
490 _a
650 0 4 _aمصر
650 0 4 _aتاريخ
650 0 4 _aالاحوال الاجتماعية
650 0 4 _aالاحوال السياسية
650 0 4 _aالاحوال الاقتصادية
650 0 4 _aالاحوال الثقافية
650 0 4 _aالمكتبات والمجتمع
650 0 4 _aالمكتبات الخاصة
650 0 4 _aمكتبات المساجد
942 _2ddc
_cBK
999 _c53007
_d53007